000 00769cam a22002653a 4500
001 11069
003 PGUSA
005 20140828083232.0
008 040201s2004||||xxu|||||s|||||000 1 eng d
040 _aPGUSA
_beng
042 _adc
050 4 _aPZ
100 1 _aBarnum, Richard
245 1 0 _aSquinty the Comical Pig :
_bHis Many Adventures
_h[electronic resource] /
_cRichard Barnum
260 _bProject Gutenberg,
_c2004
506 _aPublic domain in the USA.
516 _aElectronic text
653 _aAnimals -- Juvenile fiction
653 _aSwine -- Juvenile fiction
653 _aCircus -- Juvenile fiction
700 1 _aTooker, Harriet H.
830 0 _aProject Gutenberg
_v11069
856 4 0 _uhttp://www.gutenberg.org/ebooks/11069
942 _cEB
999 _c240324
_d240324